000 00775nam a2200229 i 4500
001 107946
003 ES-MaACL
005 20250829080501.0
007 t|
008 070103s1971 sp ||||1| spa d
080 _a820-312.4"19"
100 1 _aHammett, Dashiell.
_961679
245 1 3 _aLa maldición de los Dain /
_cDashiell Hammett; prólogo de Luis Izquierdo; traducción de Fernando Calleja.
260 _aEstella(Navarra) :
_bSalvat,
_c1971.
300 _a180 p. ;
_c19 cm.
490 1 _aBiblioteca básica Salvat de Libros RTV ;
_v97
700 1 _aIzquierdo, Luis.
_965710
700 1 _aCalleja, Fernando.
_933715
830 0 0 _aBiblioteca básica Salvat de libros RTV
_v97
_9185398
852 _aES-MaACL
_jE-3018
_bR.69765
999 _c107946
_d107946